| 000 | 00494nam a2200193Ia 4500 | ||
|---|---|---|---|
| 005 | 20250522104408.0 | ||
| 008 | 008 250516s9999 xx 000 0 eng d | ||
| 020 | _a9789360802493 | ||
| 040 |
_aSDCL _beng _cSDCL |
||
| 041 |
_aeng _2eng |
||
| 084 |
_aV:(Y).43'P, R4 _qSDCL |
||
| 100 | _aKeul, Istvan Ed. | ||
| 245 | 0 | _aConsecration rituals in South Asia | |
| 260 |
_aNew Delhi: _bManohar, _c2024. |
||
| 300 | _aix,395p. | ||
| 365 |
_aINR _b1995 |
||
| 650 | _aHistory | ||
| 942 | _cTEXL | ||
| 999 |
_c1430194 _d1430194 |
||